Quiz de Vanuatu - Statistics

Estatísticas Gerais
  • Esse quiz foi jogado 413 vezes
  • A pontuação média é 8 de 16
Estatísticas das Respostas
Dica Resposta % Correto
Línguas oficiais de Vanuatu Inglês
93%
Maior ilha de Vanuatu (tem o mesmo nome de um estado brasileiro) Espírito {Santo}
91%
Território ultramarino francês localizado a sudoeste de Vanuatu Nova {Caledônia}
72%
Línguas oficiais de Vanuatu Francês
69%
Subdivisão da Oceania onde Vanuatu está localizado {Mela}nésia
64%
Capital de Vanuatu Port Vila
59%
A última prática registrada desse "-ismo" ocorreu em 1969 {Canibal}ismo
49%
Produto alimentício que responde por 71% das exportações Peixe
47%
Atividade moderna semelhante ao tradicional "mergulho terrestre" de Vanuatu {Bungee} Jumping
44%
Mar entre Vanuatu e a Austrália Mar de {Coral}
42%
Capitão do mar britânico que deu esse nome a Vanuatu James Cook
38%
Antigo nome de Vanuatu antes de ganhar sua independência em 1980 Novas {Hébridas}
34%
Línguas oficiais de Vanuatu Bislamá
29%
Moeda oficial de Vanuatu Vatu
28%
Real britânico, nascido em 1921, que é adorado como um ser divino pelo povo Kastom Filipe de Edimburgo
25%
Segunda maior cidade, capital do acima {Lugan}ville
22%
Nenhum quiz correspondente encontrado
Distribuição das Pontuações
Porcentagem de Pessoas com Cada Pontuação
Percentil de Números Respondidos
Sua Pontuação Histórica
Você não jogou esse quiz